000
00299nam a22001337a 4500
008
171103b xxu||||| |||| 00| 0 eng d
020
_a
9780131865914
041
_a
eng
080
_a
339.138
100
_a
60
101
_a
mar
245
_a
MARKETING AN INTRODUCTION
_c
KOTLER.A
942
_2
udc
_c
BK
999
_c
37503
_d
37503